Statystyki dla Dodaj początek do wyrazu „gadać”, by utworzyć nowe słowo.

Kliknij tutaj aby rozwiązać quiz!

Ogólne statystyki

  • Ten quiz został rozwiązany 83 razy
  • Średni wynik to 4 z 6

Statystyki odpowiedzi

Odpowiedź% Poprawnych
Pogadać
88%
Zagadać
68%
Dogadać
63%
Nagadać
59%
Ugadać
47%
Przegadać
40%

Rozkład punktacji

Percentyl według liczby udzielonych odpowiedzi

Procent ludzi z każdym wynikiem

Twoja historia wyników

Nie rozwiązałeś tego quizu